000 00613cam a22002053a 4500
001 39133
003 PGUSA
005 20140828083853.0
008 120314s2012||||xxu|||||s|||||000 | eng d
040 _aPGUSA
_beng
042 _adc
100 1 _aHugo, Victor,
_d1802-1885
245 1 4 _aThe Dramas of Victor Hugo :
_bMary Tudor, Marion de Lorme, Esmeralda
_h[electronic resource] /
_cVictor Hugo
260 _bProject Gutenberg,
_c2012
506 _aPublic domain in the USA.
516 _aElectronic text
830 0 _aProject Gutenberg
_v39133
856 4 0 _uhttp://www.gutenberg.org/ebooks/39133
942 _cEB
999 _c268386
_d268386